| 000 | 01316nam a22001697a 4500 | ||
|---|---|---|---|
| 999 |
_c60036 _d60036 |
||
| 005 | 20230531145412.0 | ||
| 008 | 230531s1980 ru ||||| |||| 00| 0 rus d | ||
| 080 | _a902.2(479.221.1) М-70 | ||
| 100 |
_a Иващенко, Михаил _918361 |
||
| 245 |
_aМцхета : Результаты археологических исследований. Т. 3. = მცხეთა : _bარქეოლოგიური კვლევა–ძიების შედეგები. ტ. 3. Самтаврские погребения первых трех веков Н. Э. / _cМихаил Иващенко ; [Ред. А.Апакидзе ; АН Грузии ; Ин-т истории, археологии и этнографии им. И.Джавахишвили ; Археологическая комиссия]. |
||
| 264 |
_aТбилиси : _b"Мецниереба," _c1980. |
||
| 300 |
_a237 с. : _bтабл., 30л. илл. _c21 см. |
||
| 653 | _aსაქართველოს არქეოლოგია | ||
| 700 |
_aАпакидзе. А. _eრედაქტორი _918362 |
||
| 710 |
_aАН Грузии ; _bИн-т истории, археологии и этнографии им. И.Джавахишвили ; Археологическая комиссия]. _918363 |
||
| 942 |
_2udc _cBK |
||